<?xml version="1.0" encoding="UTF-8"?>
<record
    xmlns:xsi="http://www.w3.org/2001/XMLSchema-instance"
    xsi:schemaLocation="http://www.loc.gov/MARC21/slim http://www.loc.gov/standards/marcxml/schema/MARC21slim.xsd"
    xmlns="http://www.loc.gov/MARC21/slim">

  <leader>01342nam a22002297a 4500</leader>
  <datafield tag="999" ind1=" " ind2=" ">
    <subfield code="c">63036</subfield>
    <subfield code="d">63036</subfield>
  </datafield>
  <controlfield tag="003">Ge_BSU</controlfield>
  <controlfield tag="005">20250516105244.0</controlfield>
  <controlfield tag="008">250516s2023    ge ||||| |||| 00| 0 geo d</controlfield>
  <datafield tag="020" ind1=" " ind2=" ">
    <subfield code="a">9789941853838</subfield>
  </datafield>
  <datafield tag="041" ind1=" " ind2=" ">
    <subfield code="a">geo</subfield>
  </datafield>
  <datafield tag="080" ind1=" " ind2=" ">
    <subfield code="a">577.1 &#x10D0;-48</subfield>
  </datafield>
  <datafield tag="100" ind1=" " ind2=" ">
    <subfield code="a">&#x10D0;&#x10DA;&#x10D4;&#x10E5;&#x10E1;&#x10D8;&#x10EB;&#x10D4;, &#x10DC;&#x10E3;&#x10D2;&#x10D6;&#x10D0;&#x10E0;</subfield>
    <subfield code="9">2610</subfield>
  </datafield>
  <datafield tag="245" ind1=" " ind2=" ">
    <subfield code="a">&#x10D6;&#x10DD;&#x10D2;&#x10D0;&#x10D3;&#x10D8; &#x10D1;&#x10D8;&#x10DD;&#x10E5;&#x10D8;&#x10DB;&#x10D8;&#x10D8;&#x10E1; &#x10E1;&#x10D0;&#x10E4;&#x10E3;&#x10EB;&#x10D5;&#x10DA;&#x10D4;&#x10D1;&#x10D8; :</subfield>
    <subfield code="b">[&#x10E1;&#x10D0;&#x10EE;&#x10D4;&#x10DA;&#x10DB;&#x10EB;&#x10E6;&#x10D5;&#x10D0;&#x10DC;&#x10D4;&#x10DA;&#x10DD;] / </subfield>
    <subfield code="c">&#x10DC;&#x10E3;&#x10D2;&#x10D6;&#x10D0;&#x10E0; &#x10D0;&#x10DA;&#x10D4;&#x10E5;&#x10E1;&#x10D8;&#x10EB;&#x10D4;. &#x10DB;&#x10D0;&#x10E0;&#x10D8;&#x10DC;&#x10D0; &#x10E4;&#x10D8;&#x10E0;&#x10EA;&#x10EE;&#x10D0;&#x10DA;&#x10D0;&#x10D5;&#x10D0; ; &#x10E0;&#x10D4;&#x10D3;&#x10D0;&#x10E5;&#x10E2;&#x10DD;&#x10E0;&#x10D4;&#x10D1;&#x10D8;: &#x10DB;&#x10D0;&#x10DA;&#x10EE;&#x10D0;&#x10D6; &#x10D5;&#x10D0;&#x10EE;&#x10D0;&#x10DC;&#x10D8;&#x10D0;, &#x10D7;&#x10D4;&#x10D8;&#x10DB;&#x10E3;&#x10E0;&#x10D0;&#x10D6; &#x10D7;&#x10D0;&#x10D5;&#x10EE;&#x10D4;&#x10DA;&#x10D8;&#x10EB;&#x10D4;.</subfield>
  </datafield>
  <datafield tag="264" ind1=" " ind2=" ">
    <subfield code="a">&#x10D7;&#x10D1;&#x10D8;&#x10DA;&#x10D8;&#x10E1;&#x10D8;,</subfield>
    <subfield code="c"> 2023.</subfield>
  </datafield>
  <datafield tag="300" ind1=" " ind2=" ">
    <subfield code="a">346 &#x10D2;&#x10D5;. : </subfield>
    <subfield code="b">&#x10E1;&#x10E3;&#x10E0;. ; </subfield>
    <subfield code="c">30 &#x10E1;&#x10DB;.</subfield>
  </datafield>
  <datafield tag="500" ind1=" " ind2=" ">
    <subfield code="a">&#x10D4;&#x10EB;&#x10E6;&#x10D5;&#x10DC;&#x10D4;&#x10D1;&#x10D0; &#x10DB;&#x10D0;&#x10E1;&#x10EC;&#x10D0;&#x10D5;&#x10DA;&#x10D4;&#x10D1;&#x10D4;&#x10DA;&#x10E1;, &#x10DB;&#x10D4;&#x10D2;&#x10DD;&#x10D1;&#x10D0;&#x10E0;&#x10E1; &#x10D3;&#x10D0; &#x10D9;&#x10DD;&#x10DA;&#x10D4;&#x10D2;&#x10D0;&#x10E1; &#x10D1;-&#x10DC; &#x10DC;&#x10E3;&#x10D2;&#x10D6;&#x10D0;&#x10E0; &#x10D0;&#x10DA;&#x10D4;&#x10E5;&#x10E1;&#x10D8;&#x10EB;&#x10D4;&#x10E1;</subfield>
  </datafield>
  <datafield tag="653" ind1=" " ind2=" ">
    <subfield code="a">&#x10D1;&#x10D8;&#x10DD;&#x10E5;&#x10D8;&#x10DB;&#x10D8;&#x10D0;</subfield>
  </datafield>
  <datafield tag="700" ind1=" " ind2=" ">
    <subfield code="a">&#x10E4;&#x10D8;&#x10E0;&#x10EA;&#x10EE;&#x10D0;&#x10DA;&#x10D0;&#x10D5;&#x10D0;, &#x10DB;&#x10D0;&#x10E0;&#x10D8;&#x10DC;&#x10D0;</subfield>
    <subfield code="e"> &#x10D0;&#x10D5;&#x10E2;&#x10DD;&#x10E0;&#x10D8;</subfield>
    <subfield code="9">25054</subfield>
  </datafield>
  <datafield tag="700" ind1=" " ind2=" ">
    <subfield code="a">&#x10D5;&#x10D0;&#x10EE;&#x10D0;&#x10DC;&#x10D8;&#x10D0;, &#x10DB;&#x10D0;&#x10DA;&#x10EE;&#x10D0;&#x10D6;</subfield>
    <subfield code="e">&#x10E0;&#x10D4;&#x10D3;&#x10D0;&#x10E5;&#x10E2;&#x10DD;&#x10E0;&#x10D8;</subfield>
    <subfield code="9">25055</subfield>
  </datafield>
  <datafield tag="700" ind1=" " ind2=" ">
    <subfield code="a">&#x10D7;&#x10D0;&#x10D5;&#x10EE;&#x10D4;&#x10DA;&#x10D8;&#x10EB;&#x10D4;, &#x10D7;&#x10D4;&#x10D8;&#x10DB;&#x10E3;&#x10E0;&#x10D0;&#x10D6;</subfield>
    <subfield code="e">&#x10E0;&#x10D4;&#x10D3;&#x10D0;&#x10E5;&#x10E2;&#x10DD;&#x10E0;&#x10D8;</subfield>
    <subfield code="9">25056</subfield>
  </datafield>
  <datafield tag="942" ind1=" " ind2=" ">
    <subfield code="2">udc</subfield>
    <subfield code="c">&#x1CAC;&#x1C98;&#x1C92;&#x1C9C;&#x1C98;</subfield>
  </datafield>
  <datafield tag="952" ind1=" " ind2=" ">
    <subfield code="0">0</subfield>
    <subfield code="1">0</subfield>
    <subfield code="2">udc</subfield>
    <subfield code="4">0</subfield>
    <subfield code="6">5771_&#x10D0;48</subfield>
    <subfield code="7">0</subfield>
    <subfield code="9">102983</subfield>
    <subfield code="a">CPL</subfield>
    <subfield code="b">CPL</subfield>
    <subfield code="c">GEN</subfield>
    <subfield code="d">2025-05-16</subfield>
    <subfield code="g">59.50</subfield>
    <subfield code="o">577.1 &#x10D0;-48</subfield>
    <subfield code="p">71462</subfield>
    <subfield code="r">2025-05-16</subfield>
    <subfield code="t">71462</subfield>
    <subfield code="w">2025-05-16</subfield>
    <subfield code="y">&#x1CAC;&#x1C98;&#x1C92;&#x1C9C;&#x1C98;</subfield>
    <subfield code="z">59 &#x10DA;. 50 &#x10D7;.</subfield>
  </datafield>
  <datafield tag="952" ind1=" " ind2=" ">
    <subfield code="0">0</subfield>
    <subfield code="1">0</subfield>
    <subfield code="2">udc</subfield>
    <subfield code="4">0</subfield>
    <subfield code="6">5771_&#x10D0;48</subfield>
    <subfield code="7">0</subfield>
    <subfield code="9">102984</subfield>
    <subfield code="a">CPL</subfield>
    <subfield code="b">CPL</subfield>
    <subfield code="c">GEN</subfield>
    <subfield code="d">2025-05-16</subfield>
    <subfield code="g">59.50</subfield>
    <subfield code="o">577.1 &#x10D0;-48</subfield>
    <subfield code="p">71463</subfield>
    <subfield code="r">2025-05-16</subfield>
    <subfield code="t">71463</subfield>
    <subfield code="w">2025-05-16</subfield>
    <subfield code="y">&#x1CAC;&#x1C98;&#x1C92;&#x1C9C;&#x1C98;</subfield>
    <subfield code="z">59 &#x10DA;. 50 &#x10D7;.</subfield>
  </datafield>
  <datafield tag="952" ind1=" " ind2=" ">
    <subfield code="0">0</subfield>
    <subfield code="1">0</subfield>
    <subfield code="2">udc</subfield>
    <subfield code="4">0</subfield>
    <subfield code="6">5771_&#x10D0;48</subfield>
    <subfield code="7">0</subfield>
    <subfield code="9">102985</subfield>
    <subfield code="a">CPL</subfield>
    <subfield code="b">CPL</subfield>
    <subfield code="c">GEN</subfield>
    <subfield code="d">2025-05-16</subfield>
    <subfield code="g">59.50</subfield>
    <subfield code="o">577.1 &#x10D0;-48</subfield>
    <subfield code="p">71464</subfield>
    <subfield code="r">2025-05-16</subfield>
    <subfield code="t">71464</subfield>
    <subfield code="w">2025-05-16</subfield>
    <subfield code="y">&#x1CAC;&#x1C98;&#x1C92;&#x1C9C;&#x1C98;</subfield>
    <subfield code="z">59 &#x10DA;. 50 &#x10D7;.</subfield>
  </datafield>
  <datafield tag="952" ind1=" " ind2=" ">
    <subfield code="0">0</subfield>
    <subfield code="1">0</subfield>
    <subfield code="2">udc</subfield>
    <subfield code="4">0</subfield>
    <subfield code="6">5771_&#x10D0;48</subfield>
    <subfield code="7">0</subfield>
    <subfield code="9">102986</subfield>
    <subfield code="a">CPL</subfield>
    <subfield code="b">CPL</subfield>
    <subfield code="c">GEN</subfield>
    <subfield code="d">2025-05-16</subfield>
    <subfield code="g">59.50</subfield>
    <subfield code="o">577.1 &#x10D0;-48</subfield>
    <subfield code="p">71465</subfield>
    <subfield code="r">2025-05-16</subfield>
    <subfield code="t">71465</subfield>
    <subfield code="w">2025-05-16</subfield>
    <subfield code="y">&#x1CAC;&#x1C98;&#x1C92;&#x1C9C;&#x1C98;</subfield>
    <subfield code="z">59 &#x10DA;. 50 &#x10D7;.</subfield>
  </datafield>
  <datafield tag="952" ind1=" " ind2=" ">
    <subfield code="0">0</subfield>
    <subfield code="1">0</subfield>
    <subfield code="2">udc</subfield>
    <subfield code="4">0</subfield>
    <subfield code="6">5771_&#x10D0;48</subfield>
    <subfield code="7">0</subfield>
    <subfield code="9">102987</subfield>
    <subfield code="a">CPL</subfield>
    <subfield code="b">CPL</subfield>
    <subfield code="c">GEN</subfield>
    <subfield code="d">2025-05-16</subfield>
    <subfield code="g">59.50</subfield>
    <subfield code="o">577.1 &#x10D0;-48</subfield>
    <subfield code="p">71466</subfield>
    <subfield code="r">2025-05-16</subfield>
    <subfield code="t">71466</subfield>
    <subfield code="w">2025-05-16</subfield>
    <subfield code="y">&#x1CAC;&#x1C98;&#x1C92;&#x1C9C;&#x1C98;</subfield>
    <subfield code="z">59 &#x10DA;. 50 &#x10D7;.</subfield>
  </datafield>
</record>
